Top 20 Largest Landlocked Countries - Statistics

General Stats
  • This quiz has been taken 1,436 times
  • The average score is 15 of 20
Answer Stats
Rank Country % Correct
1 Kazakhstan
96%
2 Mongolia
95%
7 Bolivia
90%
3 Chad
90%
14 Uzbekistan
85%
5 Mali
84%
4 Niger
84%
13 Turkmenistan
80%
15 Paraguay
79%
10 Central African Republic
78%
9 Afghanistan
73%
12 Botswana
73%
11 South Sudan
73%
8 Zambia
72%
16 Zimbabwe
71%
6 Ethiopia
67%
18 Uganda
60%
20 Belarus
58%
19 Laos
55%
17 Burkina Faso
54%
No matching quizzes found
Score Distribution
Percent of People with Each Score
Percentile by Number Answered
Your Score History
You have not taken this quiz